| 000 | 00448nam a2200157Ia 4500 | ||
|---|---|---|---|
| 008 | 231217s9999 xx 000 0 und d | ||
| 041 | _aEnglish | ||
| 082 | _a005.276 LYN | ||
| 100 | _aLynch, Nancy AGray, Jim ed | ||
| 245 | 0 | _aDistributed algorithms | |
| 260 |
_c1996 _bMorgan Kaufmann _aSan Francisco |
||
| 300 | _axxiii+872 | ||
| 400 | _aMorgan Kaufmann series in data management systems | ||
| 650 | _aDistributed,algorithms | ||
| 942 | _cAA | ||
| 999 |
_c176674 _d176674 |
||